الجريمة الإلكترونية ودور القانون الجنائي في الحد منها : (Record no. 28199)

MARC details
000 -الفاتح
حقل البيانات ثابتة الطول 01754nam a22003135i 4500
003 - محدد رقم الضبط
رقم الضبط EG-ScBUE
005 - وقت وتاريخ اخر تعامل مع التسجيلة
رقم الضبط 20200303110557.0
008 - عناصر البيانات ثابتة الطول - معلومات عامة
حقل البيانات ثابتة الطول 200219s2017 ua f b 000 0 ara d
017 ## - رقم الإيداع القانونى
رقم الإيداع القانونى 2016 / 23495
020 ## - الرقم الدولى المعيارى للكتب
الرقم الدولى المعيارى للكتاب 9789777611831
040 ## - مصدر الفهرسة
وكالة الفهرسة الأصلية EG-ScBUE
لغة الفهرسة ara
قواعد الوصف rda
وكالة النسخ EG-ScBUE
وكالة التعديل EG-ScBUE
082 04 - رقم تصنيف ديوى العشرى
رقم التصنيف 345.0268
رقم المادة م ر ا
رقم الطبعة 22
100 1# - المدخل الرئيسى - إسم شخصى
الإسم الشخصى مراغي، أحمد عبد اللاه،
الدور مؤلف.
9 (RLIN) 17127
245 12 - بيان العنوان
العنوان الجريمة الإلكترونية ودور القانون الجنائي في الحد منها :
بقية العنوان دراسة تحليلية تأصيلية مقارنة /
بيان المسئوليه,etc الدكتور أحمد عبد اللاه المراغي، عضو هيئة التدريس، قسم القانون الجنائي، كلية الحقوق، جامعة حلوان، حائز على جائزة أفضل الرسائل العلمية لعام 2015 م، حائز على جائزة التفوق في قانون المرافعات لعام 2008 م.
250 ## - بيان الطبعة
بيان الطبعة الطبعة الأولى.
264 #1 - النشر، التوزيع
مكان الناشر او الموزع القاهرة :
اسم الناشر او الموزع المركز القومي للإصدارات القانونية ؛
مكان الناشر او الموزع الرياض :
اسم الناشر او الموزع مكتبة المعرفة الرقمية،
تاريخ النشر أو التوزيع 2017.
300 ## - الوصف المادى
التعداد 193 صفحة ؛
أبعاد الوعاء 24 سم
336 ## - نوع المحتوى
Carrier Type Term نص
Content Type Code txt
source rdacontent
337 ## - نوع الوسيط
Media Type Term بدون وسيط
Media Type Code n
source rdamedia
338 ## - نوع الحامل أو الناقل
Carrier Type Term مجلد
Carrier Type Code nc
source rdacarrier
504 ## - تبصرة ببليوجرافية
تبصرة ببليوجرافية,الخ يشتمل على إرجاعات ببليوجرافية.
541 ## - تبصرة المصدر المباشر للتزويد
مصدر التزويد Book Fair, 2020
650 #7 - المدخل الاضافى بالموضوع-مصطلح موضوعى
مصطلح موضوعي أو اسم جغرافي كعنصر مدخل جرائم الحاسبات الإلكترونية
التقسيم الفرعي العام قوانين وتشريعات.
مصدر الرأس أو المصطلح BUEsh
650 #7 - المدخل الاضافى بالموضوع-مصطلح موضوعى
مصطلح موضوعي أو اسم جغرافي كعنصر مدخل الإنترنت
التقسيم الفرعي العام قوانين وتشريعات.
مصدر الرأس أو المصطلح BUEsh
650 #7 - المدخل الاضافى بالموضوع-مصطلح موضوعى
مصطلح موضوعي أو اسم جغرافي كعنصر مدخل جرائم الحاسبات الإلكترونية (فقه إسلامي)
مصدر الرأس أو المصطلح BUEsh
651 ## - المدخل الاضافى بالموضوع - اسم جغرافى
مصدر الرأس أو المصطلح BUEsh
653 ## - مصطلح تكشيفى غير مقيد
Resource For college Law
Arrived date list March2020
942 ## - عناصر المدخل الإضافي( كوها)
مصدر التصنيف او مخطط الترفيف Dewey Decimal Classification
Holdings
حالة التراجع حالة الفقد مصدر التصنيف او خطة الترفيف حالة تلف ليس للاعارة مجموعات كوها المكان الدائم المكان الحالي موقع الترفيف تاريخ الاكتساب Source of acquisition سعر الشراء الطبيعي رقم الاستدعاء الباركود Date last seen مُعار التكلفة نوع الوعاء
    Dewey Decimal Classification     Scientific_Group Central Library Central Library First floor 03/03/2020 Purchase 125.00 345.0268 م ر ا 000048851 15/07/2025 22/04/2024 156.25 Book - Borrowing